Normal view
MARC view
- الزعبي ، تيسير أحمد
Entry Personal Name
001 - CONTROL NUMBER
- control field: 21278
003 - CONTROL NUMBER IDENTIFIER
- control field: JO-AjAnu
005 - DATE AND TIME OF LATEST TRANSACTION
- control field: 20230606073705.0
008 - FIXED-LENGTH DATA ELEMENTS
- fixed length control field: 230606|| aca||aabn | a|a d
040 ## - CATALOGING SOURCE
- Original cataloging agency: JO-AjAnu
- Transcribing agency: JO-AjAnu
100 ## - HEADING--PERSONAL NAME
- Personal name: الزعبي ، تيسير أحمد
670 ## - SOURCE DATA FOUND
- Source citation: Work cat.: (JO-AjAnu)10932: الزعبي ، تيسير أحمد , author, قانون العقوبات رقم (16) لسنة 1960م ويشتمل على الوصف القانوني المفهرس لجميع موادة